<?xml version="1.0" encoding="UTF-8"?>
<record
    xmlns:xsi="http://www.w3.org/2001/XMLSchema-instance"
    xsi:schemaLocation="http://www.loc.gov/MARC21/slim http://www.loc.gov/standards/marcxml/schema/MARC21slim.xsd"
    xmlns="http://www.loc.gov/MARC21/slim">

  <leader>01601nam0a22002771  4500</leader>
  <controlfield tag="001">rc\4118898</controlfield>
  <controlfield tag="005">20250611100401.0</controlfield>
  <datafield tag="021" ind1=" " ind2=" ">
    <subfield code="a">RU</subfield>
    <subfield code="b">[55-23272]</subfield>
  </datafield>
  <datafield tag="035" ind1=" " ind2=" ">
    <subfield code="a">(NLR Aleph) 008150983</subfield>
  </datafield>
  <datafield tag="090" ind1=" " ind2=" ">
    <subfield code="a">7779016</subfield>
    <subfield code="c">7779016</subfield>
  </datafield>
  <datafield tag="100" ind1=" " ind2=" ">
    <subfield code="a">20130415d1955    |||y0rusy50      ca</subfield>
  </datafield>
  <datafield tag="101" ind1="0" ind2=" ">
    <subfield code="a">rus</subfield>
  </datafield>
  <datafield tag="102" ind1=" " ind2=" ">
    <subfield code="a">RU</subfield>
  </datafield>
  <datafield tag="105" ind1=" " ind2=" ">
    <subfield code="a">y   z   |||||</subfield>
  </datafield>
  <datafield tag="200" ind1="1" ind2=" ">
    <subfield code="a">&#x422;&#x435;&#x437;&#x438;&#x441;&#x44B; &#x434;&#x43E;&#x43A;&#x43B;&#x430;&#x434;&#x43E;&#x432;</subfield>
    <subfield code="f">&#x412;&#x441;&#x435;&#x441;&#x43E;&#x44E;&#x437;. &#x43E;-&#x432;&#x43E; &#x43F;&#x43E; &#x440;&#x430;&#x441;&#x43F;&#x440;&#x43E;&#x441;&#x442;&#x440;&#x430;&#x43D;&#x435;&#x43D;&#x438;&#x44E; &#x43F;&#x43E;&#x43B;&#x438;&#x442;. &#x438; &#x43D;&#x430;&#x443;&#x447;. &#x437;&#x43D;&#x430;&#x43D;&#x438;&#x439;. &#x41B;&#x435;&#x43D;&#x438;&#x43D;&#x433;&#x440;. &#x434;&#x43E;&#x43C; &#x43D;&#x430;&#x443;&#x447;.-&#x442;&#x435;&#x445;&#x43D;. &#x43F;&#x440;&#x43E;&#x43F;&#x430;&#x433;&#x430;&#x43D;&#x434;&#x44B;. &#x41B;&#x435;&#x43D;&#x438;&#x43D;&#x433;&#x440;. &#x438;&#x43D;-&#x442; &#x433;&#x438;&#x433;&#x438;&#x435;&#x43D;&#x44B; &#x442;&#x440;&#x443;&#x434;&#x430; &#x438; &#x43F;&#x440;&#x43E;&#x444;&#x437;&#x430;&#x431;&#x43E;&#x43B;&#x435;&#x432;&#x430;&#x43D;&#x438;&#x439;. &#x41B;&#x435;&#x43D;&#x438;&#x43D;&#x433;&#x440;. &#x43E;&#x442;&#x434;-&#x43D;&#x438;&#x435; &#x412;&#x441;&#x435;&#x441;&#x43E;&#x44E;&#x437;. &#x43D;&#x430;&#x443;&#x447;. &#x438;&#x43D;&#x436;.-&#x442;&#x435;&#x445;&#x43D;. &#x43E;-&#x432;&#x430; &#x43B;&#x438;&#x442;&#x435;&#x439;&#x449;&#x438;&#x43A;&#x43E;&#x432;. &#x412;&#x441;&#x435;&#x441;&#x43E;&#x44E;&#x437;. &#x43D;&#x430;&#x443;&#x447;.-&#x438;&#x441;&#x441;&#x43B;&#x435;&#x434;. &#x438;&#x43D;-&#x442; &#x43E;&#x445;&#x440;&#x430;&#x43D;&#x44B; &#x442;&#x440;&#x443;&#x434;&#x430; &#x412;&#x426;&#x421;&#x41F;&#x421; &#x433;. &#x41B;&#x435;&#x43D;&#x438;&#x43D;&#x433;&#x440;&#x430;&#x434;&#x430;. &#x41D;&#x430;&#x443;&#x447;.-&#x442;&#x435;&#x445;&#x43D;. &#x441;&#x435;&#x441;&#x441;&#x438;&#x44F; "&#x41E;&#x437;&#x434;&#x43E;&#x440;&#x43E;&#x432;&#x43B;&#x435;&#x43D;&#x438;&#x435; &#x443;&#x441;&#x43B;&#x43E;&#x432;&#x438;&#x439; &#x442;&#x440;&#x443;&#x434;&#x430; &#x432; &#x43B;&#x438;&#x442;&#x435;&#x439;&#x43D;&#x44B;&#x445; &#x446;&#x435;&#x445;&#x430;&#x445;"</subfield>
  </datafield>
  <datafield tag="210" ind1=" " ind2=" ">
    <subfield code="a">&#x41B;&#x435;&#x43D;&#x438;&#x43D;&#x433;&#x440;&#x430;&#x434;</subfield>
    <subfield code="c">&#x411;. &#x438;.</subfield>
    <subfield code="d">1955</subfield>
  </datafield>
  <datafield tag="215" ind1=" " ind2=" ">
    <subfield code="a">20 &#x441;.</subfield>
    <subfield code="d">21</subfield>
  </datafield>
  <datafield tag="606" ind1=" " ind2=" ">
    <subfield code="a">&#x41B;&#x438;&#x442;&#x435;&#x439;&#x43D;&#x44B;&#x435; &#x446;&#x435;&#x445;&#x438;</subfield>
    <subfield code="x">&#x41E;&#x445;&#x440;&#x430;&#x43D;&#x430; &#x442;&#x440;&#x443;&#x434;&#x430;</subfield>
    <subfield code="j">&#x422;&#x435;&#x437;&#x438;&#x441;&#x44B; &#x434;&#x43E;&#x43A;&#x43B;&#x430;&#x434;&#x43E;&#x432;</subfield>
    <subfield code="2">psbo</subfield>
  </datafield>
  <datafield tag="606" ind1=" " ind2=" ">
    <subfield code="a">&#x41B;&#x438;&#x442;&#x435;&#x439;&#x43D;&#x44B;&#x435; &#x446;&#x435;&#x445;&#x438;</subfield>
    <subfield code="x">&#x421;&#x430;&#x43D;&#x438;&#x442;&#x430;&#x440;&#x438;&#x44F; &#x438; &#x433;&#x438;&#x433;&#x438;&#x435;&#x43D;&#x430;</subfield>
    <subfield code="j">&#x422;&#x435;&#x437;&#x438;&#x441;&#x44B; &#x434;&#x43E;&#x43A;&#x43B;&#x430;&#x434;&#x43E;&#x432;</subfield>
    <subfield code="2">psbo</subfield>
  </datafield>
  <datafield tag="710" ind1="1" ind2="2">
    <subfield code="a">"&#x41E;&#x437;&#x434;&#x43E;&#x440;&#x43E;&#x432;&#x43B;&#x435;&#x43D;&#x438;&#x435; &#x443;&#x441;&#x43B;&#x43E;&#x432;&#x438;&#x439; &#x442;&#x440;&#x443;&#x434;&#x430; &#x432; &#x43B;&#x438;&#x442;&#x435;&#x439;&#x43D;&#x44B;&#x445; &#x446;&#x435;&#x445;&#x430;&#x445;", &#x43D;&#x430;&#x443;&#x447;&#x43D;&#x43E;-&#x442;&#x435;&#x445;&#x43D;&#x438;&#x447;&#x435;&#x441;&#x43A;&#x430;&#x44F; &#x441;&#x435;&#x441;&#x441;&#x438;&#x44F;</subfield>
    <subfield code="e">&#x41B;&#x435;&#x43D;&#x438;&#x43D;&#x433;&#x440;&#x430;&#x434;</subfield>
    <subfield code="f">1955</subfield>
    <subfield code="9">882125</subfield>
    <subfield code="3">RU\NLR\AUTH\880610274</subfield>
  </datafield>
  <datafield tag="801" ind1=" " ind2="0">
    <subfield code="a">RU</subfield>
    <subfield code="b">NLR</subfield>
    <subfield code="g">psbo</subfield>
  </datafield>
  <datafield tag="801" ind1=" " ind2="1">
    <subfield code="a">RU</subfield>
    <subfield code="b">ELAR</subfield>
    <subfield code="2">rusmarc</subfield>
  </datafield>
  <datafield tag="852" ind1=" " ind2=" ">
    <subfield code="a">NLR</subfield>
    <subfield code="j">&#x41C;&#x434;96 &#x413;-4/2358</subfield>
  </datafield>
  <datafield tag="942" ind1=" " ind2=" ">
    <subfield code="c">BOOK</subfield>
  </datafield>
  <datafield tag="980" ind1=" " ind2=" ">
    <subfield code="a">NB</subfield>
  </datafield>
  <datafield tag="995" ind1=" " ind2=" ">
    <subfield code="5">2013-10-26</subfield>
    <subfield code="b">NLR02</subfield>
    <subfield code="c">NLR02</subfield>
    <subfield code="e">RFS</subfield>
    <subfield code="f">8150983-10</subfield>
    <subfield code="k">&#x41C;&#x434;96 &#x413;-4/2358</subfield>
    <subfield code="o">0</subfield>
    <subfield code="r">BOOK</subfield>
    <subfield code="s">96_42358</subfield>
  </datafield>
</record>
